How to prepare for the TOEFL

שמור ב:
מידע ביבליוגרפי
מחבר ראשי: Pamels J Sharpe
פורמט: ספר
שפה:Undetermined
יצא לאור: New York Barron 1989
נושאים:
תגים: הוספת תג
אין תגיות, היה/י הראשונ/ה לתייג את הרשומה!
Thư viện lưu trữ: Trung tâm Học liệu Trường Đại học Cần Thơ
LEADER 00460nam a2200169Ia 4500
001 CTU_859
008 210402s9999 xx 000 0 und d
082 |a 428.0076 
082 |b S529 
100 |a Pamels J Sharpe 
245 0 |a How to prepare for the TOEFL 
245 0 |c Pamels J Sharpe 
260 |a New York 
260 |b Barron 
260 |c 1989 
650 |a english language - study and teaching 
980 |a Trung tâm Học liệu Trường Đại học Cần Thơ